| 000 | 00382nam a2200145Ia 4500 | ||
|---|---|---|---|
| 008 | 230917s9999||||xx |||||||||||||| ||und|| | ||
| 040 |
_e38781 _aMAIN |
||
| 041 | _aEnglish | ||
| 082 | _a822.09 B729E | ||
| 100 | _aBradbrook, M C | ||
| 245 | 0 | _aEnglish dramatic form: A history of its development | |
| 260 |
_aLondon _bChatto and Windus _c1965 |
||
| 300 | _aix, 205 p. | ||
| 942 | _cBK | ||
| 999 |
_c80295 _d80295 |
||